LEADER 00890nam0-22003131i-450 001 990001731010403321 005 20190529131342.0 035 $a000173101 035 $aFED01000173101 035 $a(Aleph)000173101FED01 035 $a000173101 100 $a20030910d1939----km-y0itay50------ba 101 0 $aita 102 $aIT 105 $ay-------001yy 200 1 $aColtura asciutta della medica$fEnrico Pantanelli 210 $aBari$cStazione agraria sperimentale di Bari$d1939 215 $a24 p.$d24 cm 225 1 $aMemoria$fStazione agraria sperimentale di Bari$v33 610 0 $aPiante foraggere 676 $a633.3 700 1$aPantanelli,$bEnrico$069453 801 0$aIT$bUNINA$gRICA$2UNIMARC 901 $aLG 912 $a990001731010403321 952 $a60 OP. 37/42$b33098$fFAGBC 959 $aFAGBC 996 $aColtura asciutta della medica$9365192 997 $aUNINA LEADER 03871nam 22007572 450 001 9910779150003321 005 20151005020622.0 010 $a1-139-36618-1 010 $a1-107-23051-9 010 $a1-280-64763-9 010 $a9786613633682 010 $a1-139-37874-0 010 $a1-139-06135-6 010 $a1-139-37588-1 010 $a1-139-37731-0 010 $a1-139-37189-4 010 $a1-139-38017-6 035 $a(CKB)2550000000103441 035 $a(EBL)880750 035 $a(OCoLC)794327750 035 $a(SSID)ssj0000654906 035 $a(PQKBManifestationID)11405745 035 $a(PQKBTitleCode)TC0000654906 035 $a(PQKBWorkID)10673719 035 $a(PQKB)11391629 035 $a(UkCbUP)CR9781139061353 035 $a(MiAaPQ)EBC880750 035 $a(Au-PeEL)EBL880750 035 $a(CaPaEBR)ebr10565080 035 $a(CaONFJC)MIL363368 035 $a(PPN)261285645 035 $a(EXLCZ)992550000000103441 100 $a20110414d2012|||| uy| 0 101 0 $aeng 135 $aur||||||||||| 181 $ctxt$2rdacontent 182 $cc$2rdamedia 183 $acr$2rdacarrier 200 14$aThe city and the coming climate $eclimate change in the places we live /$fBrian Stone, Jr$b[electronic resource] 210 1$aCambridge :$cCambridge University Press,$d2012. 215 $a1 online resource (x, 187 pages) $cdigital, PDF file(s) 300 $aTitle from publisher's bibliographic system (viewed on 05 Oct 2015). 311 $a1-107-60258-0 311 $a1-107-01671-1 320 $aIncludes bibliographical references and index. 327 $aCover; The City and the Coming Climate: Climate Change in the Places We Live; Title; Copyright; Dedication; Contents; Acknowledgments; Prologue: La Canicule; 1: Keeling's Curve; 2: The Climate Barrier; 3: Islands of Heat; 4: The Green Factor; 5: Leveraging Canopy for Carbon; 1. Broaden the definition of climate change adopted by the UN Framework Convention on Climate Change to encompass the land-surface drivers of climate change; 2. Adopt the regional scale as the primary focus of scientific assessments of climate change 327 $a3. Establish forest protection and reforestation commitments for participating nations4. Prioritize adaptive mitigation over nonadaptive mitigation; Postscript; References; PROLOGUE; CHAPTER 1; CHAPTER 2; CHAPTER 3; CHAPTER 4; CHAPTER 5; Index 330 $aThis book is the first to explore the dramatic amplification of global warming underway in cities and the range of actions that individuals and governments can undertake to slow the pace of warming. A core thesis of the book is that the principal strategy currently advocated to mitigate climate change - the reduction of greenhouse gases - will not prove sufficient to measurably slow the rapid pace of warming in urban environments. Brian Stone explains the science of climate change in terms accessible to the non-scientist and with compelling anecdotes drawn from history and current events. The book is an ideal introduction to climate change and cities for students, policy makers and anyone who wishes to gain insight into an issue critical to the future of our cities and the people who live in them. 517 3 $aThe City & the Coming Climate 606 $aClimatic changes$xEconomic aspects 606 $aClimate change mitigation 606 $aUrbanization 606 $aCities and towns 615 0$aClimatic changes$xEconomic aspects. 615 0$aClimate change mitigation. 615 0$aUrbanization. 615 0$aCities and towns. 676 $a363.738/74 686 $aSCI042000$2bisacsh 700 $aStone$b Brian$cJr,$0456994 801 0$bUkCbUP 801 1$bUkCbUP 906 $aBOOK 912 $a9910779150003321 996 $aThe city and the coming climate$93704425 997 $aUNINA LEADER 01282nas 2200421-a 450 001 996205311303316 005 20240413025815.0 011 $a1724-1510 035 $a(CKB)991042731854544 035 $a(CONSER)---95650455- 035 $a(DE-599)ZDB2111653-2 035 $a(EXLCZ)99991042731854544 100 $a19950203a19949999 --- - 101 0 $aita 181 $ctxt$2rdacontent 182 $cc$2rdamedia 183 $acr$2rdacarrier 200 00$aRussica romana 210 $aRoma $cLa Fenice$d1994- 215 $a1 online resource 300 $aRefereed/Peer-reviewed 311 08$aPrint version: Russica romana. 1128-6377 (DLC) 95650455 (OCoLC)31926499 606 $aCivilization$2fast$3(OCoLC)fst00862898 607 $aRussia$xCivilization$vPeriodicals 607 $aSoviet Union$xCivilization$vPeriodicals 607 $aRussia (Federation)$xCivilization$vPeriodicals 607 $aRussia$2fast 607 $aRussia (Federation)$2fast 607 $aSoviet Union$2fast 608 $aPeriodicals.$2fast 610 $aRussian literature$ato date$aSerials 615 7$aCivilization. 676 $a947/.005 906 $aJOURNAL 912 $a996205311303316 920 $aexl_impl conversion 996 $aRussica romana$9971853 997 $aUNISA